[Event "Lorca op 7th"]
[Site "Lorca"]
[Date "2018.12.29"]
[Round "6"]
[White "Guerra Rivera, Salvador"]
[Black "Natarajan, C."]
[Result "1-0"]
[WhiteElo "2343"]
[BlackElo "2177"]
[PlyCount "89"]
[EventDate "2018.12.26"]
[EventType "swiss"]
[EventRounds "9"]
[EventCountry "ESP"]
[SourceTitle "CBM 188 Extra"]
[Source "ChessBase"]
[SourceDate "2019.02.28"]
[SourceVersion "1"]
[SourceVersionDate "2019.02.28"]
[SourceQuality "1"]

1. e4 e6 2. d4 d5 3. Nd2 Nf6 4. e5 Nfd7 5. f4 c5 6. c3 Nc6 7. Ndf3 Qb6 8. a3 a5 9. b3 Be7 10. h4 f6 11. Bd3 cxd4 12. cxd4 f5 13. Ne2 h5 14. Rh3 g6 15. Be3 Nf8 16. Kf2 Nd8 17. Nc3 Bd7 18. a4 Nf7 19. Nb5 Nh6 20. Rc1 Rc8 21. Rxc8+ Bxc8 22. Qc2 Bd7 23. Rh1 Bc6 24. Bd2 Ng4+ 25. Ke2 Nd7 26. Bc3 Kf7 27. Ng5+ Bxg5 28. Nd6+ Kg7 29. hxg5 Nb8 30. Qd2 Bd7 31. Bb5 Nc6 32. Bb2 Rd8 33. Rc1 Rh8 34. Qc3 h4 35. Rh1 Rh5 36. Rh3 Rh8 37. Qd2 Qa7 38. Bc3 Rh5 39. Bxc6 Bxc6 40. Bxa5 Qa6+ 41. Ke1 Rh8 42. Qb4 Nh2 43. Nb5 Kf7 44. Rxh2 b6 45. Nd6+ 1-0

[Event "Lorca op 7th"]
[Site "Lorca"]
[Date "2018.12.27"]
[Round "2"]
[White "Suarez Uriel, Adrian"]
[Black "Natarajan, C."]
[Result "1-0"]
[WhiteElo "2386"]
[BlackElo "2177"]
[PlyCount "94"]
[EventDate "2018.12.26"]
[EventType "swiss"]
[EventRounds "9"]
[EventCountry "ESP"]
[SourceTitle "CBM 188 Extra"]
[Source "ChessBase"]
[SourceDate "2019.02.28"]
[SourceVersion "1"]
[SourceVersionDate "2019.02.28"]
[SourceQuality "1"]

1. Nf3 d5 2. b3 c5 3. e3 a6 4. Bb2 Nc6 5. d4 cxd4 6. exd4 Bf5 7. Be2 e6 8. 0-0 Rc8 9. c4 Nf6 10. Nc3 Bd6 11. Rc1 h6 12. Na4 0-0 13. Ne5 Qe7 14. Nb6 Rc7 15. Bf3 Rd8 16. Qe2 Nb8 17. Rfd1 Nbd7 18. Nbxd7 Nxd7 19. cxd5 Rxc1 20. Rxc1 exd5 21. Bxd5 Nxe5 22. dxe5 Bxe5 23. Bxf7+ Qxf7 24. Qxe5 Rd7 25. h3 Qg6 26. Kh2 Qd6 27. g4 Qxe5+ 28. Bxe5 Be4 29. Re1 Bc6 30. Re2 Rd1 31. h4 Rh1+ 32. Kg3 Rg1+ 33. Kf4 Rh1 34. h5 Rh3 35. Bd4 Rf3+ 36. Ke5 Rd3 37. Rc2 Kf7 38. Be3 Rd5+ 39. Kf4 g6 40. hxg6+ Kxg6 41. Kg3 h5 42. g5 Rd1 43. Kf4 Rg1 44. Ke5 Rd1 45. Rc4 Rd5+ 46. Ke6 Ra5 47. Rd4 Re5+ 1-0

[Event "New Delhi Parsvnath op 11th"]
[Site "New Delhi"]
[Date "2013.01.07"]
[Round "4"]
[White "Natarajan, C."]
[Black "Gusain, Himal"]
[Result "0-1"]
[WhiteElo "2237"]
[BlackElo "2320"]
[PlyCount "98"]
[EventDate "2013.01.05"]
[EventType "swiss"]
[EventRounds "11"]
[EventCountry "IND"]
[SourceTitle "EXT 2014"]
[Source "ChessBase"]
[SourceDate "2013.11.20"]
[SourceVersion "1"]
[SourceVersionDate "2013.11.20"]
[SourceQuality "1"]

1. d4 Nf6 2. Nf3 d5 3. e3 c5 4. dxc5 Qa5+ 5. Nbd2 Nc6 6. a3 Qxc5 7. b4 Qd6 8. Bb2 Bg4 9. c4 Rd8 10. c5 Qc7 11. b5 Nb8 12. Qa4 Bd7 13. Qxa7 Qc8 14. Rc1 e6 15. Ne5 Be7 16. c6 bxc6 17. bxc6 Nxc6 18. Nxc6 Bxc6 19. Bb5 Bxb5 20. Rxc8 Rxc8 21. Qb7 Bd7 22. 0-0 Bd6 23. Nf3 Rc7 24. Qb8+ Bc8 25. Be5 Nd7 26. Qb5 Rc5 27. Qb2 Nxe5 28. Nxe5 Rc7 29. Nf3 f6 30. Nd4 Rb7 31. Qc2 Bd7 32. Rb1 Rxb1+ 33. Qxb1 0-0 34. g3 Rb8 35. Qd3 Bf8 36. h4 e5 37. Nc2 Be6 38. Nb4 Bxb4 39. axb4 Rxb4 40. Qa6 Kf7 41. Qa7+ Kg6 42. Qa3 Rb7 43. Kg2 Kf7 44. h5 Rd7 45. h6 gxh6 46. Qa8 d4 47. Qh8 d3 48. Qxh7+ Ke8 49. Qg6+ Ke7 0-1

[Event "New Delhi Parsvnath op 11th"]
[Site "New Delhi"]
[Date "2013.01.05"]
[Round "2"]
[White "Natarajan, C."]
[Black "Adhiban, Baskaran"]
[Result "0-1"]
[WhiteElo "2237"]
[BlackElo "2558"]
[PlyCount "82"]
[EventDate "2013.01.05"]
[EventType "swiss"]
[EventRounds "11"]
[EventCountry "IND"]
[SourceTitle "EXT 2014"]
[Source "ChessBase"]
[SourceDate "2013.11.20"]
[SourceVersion "1"]
[SourceVersionDate "2013.11.20"]
[SourceQuality "1"]

1. d4 Nf6 2. Nf3 g6 3. Bg5 Bg7 4. Nbd2 0-0 5. c3 d6 6. e4 Qe8 7. h3 h6 8. Bxf6 Bxf6 9. e5 dxe5 10. dxe5 Bg7 11. Bc4 b5 12. Bb3 Na6 13. 0-0 Nc5 14. Bc2 a5 15. Qe2 Bb7 16. Qe3 Qc6 17. b4 Na4 18. Be4 Qa6 19. Bxb7 Qxb7 20. Nb3 Qb6 21. Rfe1 Qxe3 22. Rxe3 axb4 23. cxb4 Nb6 24. Nbd4 Nd5 25. Rb3 Rfb8 26. a3 e6 27. Rc1 Rb6 28. Rc5 Rab8 29. Nc6 R8b7 30. Nd8 Rb8 31. Nc6 R8b7 32. Nd8 Ra7 33. Nc6 Raa6 34. Ncd4 c6 35. g3 Kf8 36. Rc2 Ke8 37. Re2 Kd7 38. Nd2 Ra8 39. Rf3 Ke8 40. Nc2 Rc8 41. Nb3 Bf8 0-1

[Event "Mumbai Mayors Cup 5th"]
[Site "Mumbai"]
[Date "2012.06.13"]
[Round "9"]
[White "Natarajan, C."]
[Black "Rajesh, VAV"]
[Result "0-1"]
[WhiteElo "2229"]
[BlackElo "2364"]
[PlyCount "168"]
[EventDate "2012.06.07"]
[EventType "swiss"]
[EventRounds "11"]
[EventCountry "IND"]
[SourceTitle "CBM 148 Extra"]
[Source "ChessBase"]
[SourceDate "2012.06.22"]
[SourceVersion "1"]
[SourceVersionDate "2012.06.22"]
[SourceQuality "1"]

1. d4 Nf6 2. Nf3 g6 3. Bg5 Ne4 4. Bf4 Bg7 5. e3 d5 6. c4 dxc4 7. Bxc4 c5 8. Nc3 Nxc3 9. bxc3 0-0 10. 0-0 Nc6 11. h3 Na5 12. Bd3 Bd7 13. Qe2 Rc8 14. Rac1 c4 15. Bb1 b5 16. e4 Nb7 17. Qe3 a5 18. e5 b4 19. Bh6 Qb6 20. Rfe1 b3 21. Qg5 Rfe8 22. Re4 f6 23. Qe3 bxa2 24. Bxa2 Bf5 25. Bxg7 Bxe4 26. Qxe4 f5 27. Qd5+ e6 28. Qd7 Rcd8 29. Qa4 Kxg7 30. Rb1 Qc7 31. Bxc4 Rb8 32. Ba2 h6 33. c4 Rec8 34. Rb5 Nd8 35. Rxa5 Nc6 36. Ra6 Rb2 37. Qa3 Rxa2 38. Qxa2 Nb4 39. Qa4 Nxa6 40. Qxa6 Qxc4 41. Qd6 Rf8 42. h4 Rf7 43. Qd8 Qc1+ 44. Kh2 Qf4+ 45. Kh3 Qe4 46. Kg3 Qc6 47. Kh2 Qd7 48. Qb6 Qd5 49. Qb8 Rb7 50. Qc8 Qd7 51. Qc4 Rc7 52. Qb4 Rc2 53. d5 exd5 54. Nd4 Rc4 55. Qb6 Qe7 56. Nf3 Rc8 57. h5 gxh5 58. g3 Re8 59. Nh4 Qe6 60. Qc7+ Kg8 61. f4 Rc8 62. Qa5 d4 63. Qd2 Qc4 64. Ng2 d3 65. Qd1 Rd8 66. Qxh5 Qe6 67. Ne3 d2 68. Kg2 Qf7 69. Qd1 Qb7+ 70. Kf2 Qb6 71. Ke2 Qb5+ 72. Kf2 Qb6 73. Ke2 Qg6 74. Qb3+ Kh8 75. Kf2 Qg7 76. e6 Qa7 77. e7 Qxe7 78. Qc3+ Kh7 79. Qc2 Qe6 80. g4 Rd7 81. Qd1 Qe4 82. gxf5 Qxf4+ 83. Ke2 Qh2+ 84. Kf3 Qh5+ 0-1

[Event "Mumbai Mayors Cup 5th"]
[Site "Mumbai"]
[Date "2012.06.09"]
[Round "4"]
[White "Natarajan, C."]
[Black "Podolchenko, Evgeniy"]
[Result "1-0"]
[WhiteElo "2229"]
[BlackElo "2464"]
[PlyCount "69"]
[EventDate "2012.06.07"]
[EventType "swiss"]
[EventRounds "11"]
[EventCountry "IND"]
[SourceTitle "CBM 148 Extra"]
[Source "ChessBase"]
[SourceDate "2012.06.22"]
[SourceVersion "1"]
[SourceVersionDate "2012.06.22"]
[SourceQuality "1"]

1. d4 Nf6 2. Nf3 e6 3. Bg5 h6 4. Bxf6 Qxf6 5. e4 d6 6. Nc3 g5 7. h3 Bd7 8. e5 Qe7 9. Qd2 Bg7 10. exd6 Qxd6 11. Ne4 Qb6 12. c3 Nc6 13. Qc2 0-0-0 14. Ned2 Qa5 15. Bc4 Ne7 16. b4 Ba4 17. Qb2 Qb6 18. Qa3 Bc6 19. Be2 Bxf3 20. Bxf3 Nd5 21. 0-0 Kb8 22. b5 Qd6 23. Qb3 h5 24. Ne4 Qf4 25. Nc5 g4 26. Bxd5 exd5 27. g3 Qf3 28. h4 Bh6 29. Qc2 Rhe8 30. Rae1 Kc8 31. Nd3 Qf5 32. Qd1 Re4 33. Nc5 Ree8 34. Qa4 Rxe1 35. Qxa7 1-0

[Event "Chennai op 3rd"]
[Site "Chennai"]
[Date "2011.01.22"]
[Round "7"]
[White "Natarajan, C."]
[Black "Abu Sufian, Sakil"]
[Result "0-1"]
[WhiteElo "2225"]
[BlackElo "2358"]
[PlyCount "82"]
[EventDate "2011.01.18"]
[EventType "swiss"]
[EventRounds "11"]
[EventCountry "IND"]
[SourceTitle "CBM 140 Extra"]
[Source "ChessBase"]
[SourceDate "2011.03.01"]
[SourceVersion "1"]
[SourceVersionDate "2011.03.01"]
[SourceQuality "1"]

1. d4 d5 2. Nf3 Nf6 3. e3 c6 4. c4 Bf5 5. Nc3 e6 6. Bd3 Bxd3 7. Qxd3 Bb4 8. 0-0 Nbd7 9. Bd2 a5 10. a3 Be7 11. e4 Nc5 12. dxc5 dxe4 13. Qxd8+ Rxd8 14. Nxe4 Nxe4 15. Bxa5 Ra8 16. Bb4 Bxc5 17. Bxc5 Nxc5 18. b4 Nd7 19. c5 Ke7 20. Nd2 Ne5 21. Rfc1 Rhd8 22. Rc2 Rd4 23. Raa2 Rd3 24. f4 Ng4 25. a4 Ne3 26. Rcb2 Nd1 27. Rb3 Nc3 28. g3 Nxa2 29. Rxd3 Rxa4 30. Nc4 Rxb4 31. Nb6 Nc1 32. Rd7+ Kf6 33. Nc8 Nb3 34. Nd6 Nxc5 35. Rxf7+ Kg6 36. Re7 Rd4 37. Nxb7 Nxb7 38. Rxe6+ Kf7 39. Rxc6 Nd6 40. Kf2 Nf5 41. Kf3 h5 0-1

[Event "Dubai op 10th"]
[Site "Dubai"]
[Date "2008.04.06"]
[Round "1"]
[White "Guseinov, Gadir"]
[Black "Natarajan, C."]
[Result "1-0"]
[WhiteElo "2625"]
[BlackElo "2241"]
[PlyCount "37"]
[EventDate "2008.04.06"]
[EventType "swiss"]
[EventRounds "9"]
[EventCountry "UAE"]
[SourceTitle "CBM 123 Extra"]
[Source "ChessBase"]
[SourceDate "2008.05.06"]
[SourceVersion "1"]
[SourceVersionDate "2008.05.06"]
[SourceQuality "1"]

1. e4 e6 2. Nc3 d5 3. Nf3 dxe4 4. Nxe4 Be7 5. d4 Nf6 6. Nxf6+ Bxf6 7. c3 b6 8. Bb5+ Bd7 9. Bd3 Bc6 10. 0-0 Nd7 11. Bf4 Qc8 12. Qe2 a6 13. Ne5 Bxe5 14. dxe5 Nf8 15. Rfd1 Ng6 16. Bg5 Qb7 17. Bxa6 Qa7 18. Bb5 Qb7 19. Qe4 1-0

[Event "New Delhi Parsvnath op 6th"]
[Site "New Delhi"]
[Date "2008.01.16"]
[Round "6"]
[White "Himanshu, Sharma"]
[Black "Natarajan, C."]
[Result "1/2-1/2"]
[WhiteElo "2398"]
[BlackElo "2226"]
[PlyCount "141"]
[EventDate "2008.01.13"]
[EventType "swiss"]
[EventRounds "10"]
[EventCountry "IND"]
[SourceTitle "CBM 122 Extra"]
[Source "ChessBase"]
[SourceDate "2008.03.04"]
[SourceVersion "1"]
[SourceVersionDate "2008.03.04"]
[SourceQuality "1"]

1. e4 e6 2. f4 d5 3. e5 c5 4. Nf3 Nc6 5. c3 Qb6 6. Na3 Nh6 7. Nc2 Bd7 8. Be2 c4 9. d4 cxd3 10. Bxd3 a5 11. Be3 Bc5 12. Qd2 0-0 13. Bxc5 Qxc5 14. Qe3 Qxe3+ 15. Nxe3 f6 16. exf6 gxf6 17. 0-0 Ne7 18. Rfe1 Rfe8 19. g3 Nf7 20. c4 Nd6 21. cxd5 Nxd5 22. Nc4 Nxc4 23. Bxc4 Nb6 24. Bd3 Bc6 25. Be4 Bd5 26. Bxd5 exd5 27. Kf2 Na4 28. Rxe8+ Rxe8 29. Rd1 Nxb2 30. Rxd5 b6 31. Rd2 Na4 32. Rd6 b5 33. Nd4 Nc3 34. Ra6 a4 35. a3 Re4 36. Ra8+ Kf7 37. Ra7+ Kf8 38. Ra8+ Ke7 39. Nf5+ Ke6 40. Ne3 Rd4 41. Ra6+ Rd6 42. Rxd6+ Kxd6 43. Ke1 Kc5 44. Nc2 Nb1 45. Kd1 Nc3+ 46. Kc1 Nd5 47. Kb2 Kc4 48. h3 Kd3 49. f5 h5 50. g4 hxg4 51. hxg4 Ke4 52. Kc1 Kf4 53. Nd4 b4 54. axb4 Nxb4 55. Kb2 Nd3+ 56. Ka3 Kxg4 57. Kxa4 Kf4 58. Kb3 Nc5+ 59. Kc4 Ne4 60. Kd3 Nd6 61. Ke2 Ke4 62. Nb3 Nxf5 63. Nc5+ Kf4 64. Kf2 Nd6 65. Nd3+ Kg4 66. Nb4 f5 67. Nd5 Nc4 68. Kg2 Kg5 69. Ne7 Ne3+ 70. Kf3 f4 71. Ng6 1/2-1/2

[Event "New Delhi Parsvnath op 6th"]
[Site "New Delhi"]
[Date "2008.01.15"]
[Round "5"]
[White "Natarajan, C."]
[Black "Girinath, PDS"]
[Result "1/2-1/2"]
[WhiteElo "2226"]
[BlackElo "2430"]
[PlyCount "51"]
[EventDate "2008.01.13"]
[EventType "swiss"]
[EventRounds "10"]
[EventCountry "IND"]
[SourceTitle "CBM 122 Extra"]
[Source "ChessBase"]
[SourceDate "2008.03.04"]
[SourceVersion "1"]
[SourceVersionDate "2008.03.04"]
[SourceQuality "1"]

1. d4 Nf6 2. Nf3 g6 3. Bg5 Bg7 4. Nbd2 d6 5. e4 0-0 6. Be2 Nc6 7. 0-0 h6 8. Bxf6 Bxf6 9. c3 e5 10. dxe5 Nxe5 11. Nxe5 dxe5 12. Nc4 Be6 13. Ne3 Bg5 14. Ng4 f6 15. h3 h5 16. Nh2 Qxd1 17. Rfxd1 Rad8 18. Nf3 Kf7 19. Nxg5+ fxg5 20. Kf1 a5 21. Ke1 Ke7 22. a3 Bb3 23. Rxd8 Rxd8 24. Bd1 Be6 25. Be2 Bb3 26. Bd1 1/2-1/2

[Event "New Delhi Parsvnath op 6th"]
[Site "New Delhi"]
[Date "2008.01.14"]
[Round "3"]
[White "Natarajan, C."]
[Black "Prakash, GB."]
[Result "0-1"]
[WhiteElo "2226"]
[BlackElo "2341"]
[PlyCount "87"]
[EventDate "2008.01.13"]
[EventType "swiss"]
[EventRounds "10"]
[EventCountry "IND"]
[SourceTitle "CBM 122 Extra"]
[Source "ChessBase"]
[SourceDate "2008.03.04"]
[SourceVersion "1"]
[SourceVersionDate "2008.03.04"]
[SourceQuality "1"]

1. d4 e6 2. Nf3 f5 3. c3 Nf6 4. Bg5 Be7 5. Nbd2 d5 6. e3 0-0 7. Bd3 Nbd7 8. Qe2 c5 9. 0-0 b6 10. Bf4 Ne4 11. Ne5 Nxe5 12. Bxe5 Nxd2 13. Qxd2 c4 14. Bc2 Bd6 15. f3 Bxe5 16. dxe5 Bb7 17. Qd4 Qc7 18. Rad1 Qc5 19. Rd2 Qxd4 20. Rxd4 b5 21. g4 g6 22. Kg2 Rf7 23. Kg3 Raf8 24. gxf5 gxf5 25. Rg1 Rg7+ 26. Kf2 Rxg1 27. Kxg1 a5 28. Kf2 Rf7 29. Rh4 b4 30. Rh6 Bc8 31. Ke2 Rg7 32. Rh3 Rg2+ 33. Kd1 Kh8 34. Kc1 Bd7 35. e4 dxe4 36. fxe4 f4 37. Rf3 Rxh2 38. Rxf4 Kg7 39. Rf1 bxc3 40. bxc3 Rg2 41. Rd1 Rxc2+ 42. Kxc2 Ba4+ 43. Kd2 Bxd1 44. Kxd1 0-1

[Event "New Delhi Parsvnath op 5th"]
[Site "New Delhi"]
[Date "2007.01.15"]
[Round "5"]
[White "Natarajan, C."]
[Black "Mollah Abdullah, Al Rakib"]
[Result "0-1"]
[WhiteElo "2256"]
[BlackElo "2499"]
[PlyCount "64"]
[EventDate "2007.01.15"]
[EventType "swiss"]
[EventRounds "10"]
[EventCountry "IND"]
[SourceTitle "CBM 116 Extra"]
[Source "ChessBase"]
[SourceDate "2007.03.07"]
[SourceVersion "1"]
[SourceVersionDate "2007.03.07"]
[SourceQuality "1"]

1. d4 d5 2. Nf3 Nf6 3. c3 Bf5 4. Qb3 b6 5. Bf4 e6 6. Nbd2 Bd6 7. Bg3 0-0 8. e3 c5 9. c4 Nc6 10. Bd3 cxd4 11. exd4 Bb4 12. Bxf5 exf5 13. 0-0-0 Bxd2+ 14. Rxd2 Na5 15. Qd3 Ne4 16. Rc2 dxc4 17. Qe3 b5 18. Nh4 g6 19. f3 Nxg3 20. hxg3 Qf6 21. f4 Rfe8 22. Qa3 Nc6 23. d5 Nd4 24. Rd2 a5 25. Kd1 b4 26. Qa4 Qb6 27. Re1 Nb5 28. Nf3 c3 29. Rxe8+ Rxe8 30. Rc2 cxb2 31. Qb3 b1R+ 32. Qxb1 Na3 0-1

[Event "Asia Cities-ch 14th"]
[Site "Tagaytay City"]
[Date "2004.03.27"]
[Round "9.2"]
[White "Taleb, Moussa"]
[Black "Natarajan, C."]
[Result "1/2-1/2"]
[WhiteElo "2454"]
[BlackElo "2261"]
[PlyCount "151"]
[EventDate "2004.03.21"]
[EventType "team-tourn"]
[EventRounds "9"]
[EventCountry "PHI"]
[SourceTitle "CBM 099 Extra"]
[Source "ChessBase"]
[SourceDate "2004.05.04"]
[SourceVersion "1"]
[SourceVersionDate "2004.05.04"]
[SourceQuality "1"]
[WhiteTeam "Dubai"]
[BlackTeam "Kanchipuram"]
[WhiteTeamCountry "UAE"]
[BlackTeamCountry "IND"]

1. d4 d5 2. Nf3 c6 3. Bf4 Bg4 4. Nbd2 e6 5. e3 Bd6 6. Bg3 Bxg3 7. hxg3 Nd7 8. Bd3 Ngf6 9. c4 e5 10. cxd5 cxd5 11. dxe5 Nxe5 12. Bb5+ Kf8 13. Qa4 Bxf3 14. Nxf3 Nxf3+ 15. gxf3 Kg8 16. Kf1 Qb6 17. Kg2 h5 18. Rh4 a6 19. Bd3 Qxb2 20. Rb1 Qc3 21. Rb3 Qc8 22. Rb6 Nd7 23. Rd6 Nf6 24. Qd4 Qc7 25. Qb6 Qe7 26. e4 dxe4 27. Bxe4 g5 28. Bxb7 Rb8 29. Rc4 Rxb7 30. Qxa6 Ne8 31. Re4 Qxd6 32. Rxe8+ Kg7 33. Qxd6 Rxe8 34. Qd5 Rb6 35. Qxg5+ Rg6 36. Qxh5 Ra8 37. Qe5+ Kg8 38. f4 Rga6 39. f5 f6 40. Qd4 R8a7 41. g4 Kf7 42. Qf4 Ra4 43. Qf3 Rxa2 44. Qb3+ Kg7 45. Qh3 R2a6 46. Qh5 Kg8 47. Qe8+ Kh7 48. Kg3 Rg7 49. Qf8 Rc6 50. f3 Ra6 51. Kh4 Rc6 52. Qe8 Ra6 53. Qe4 Kh8 54. Qd4 Rh7+ 55. Kg3 Rg7 56. Qb2 Kh7 57. f4 Rd6 58. Kh4 Rd1 59. Qg2 Rd4 60. Qf2 Ra4 61. Qd2 Ra1 62. Qg2 Kh8 63. g5 Rh7+ 64. Kg4 Rhh1 65. Qc6 Rhg1+ 66. Kf3 Rgf1+ 67. Ke4 Rfe1+ 68. Kd5 fxg5 69. fxg5 Rg1 70. Qc8+ Kg7 71. Qc7+ Kf8 72. Qc8+ Kg7 73. f6+ Kg6 74. Qg8+ Kf5 75. f7 Rgd1+ 76. Kc6 1/2-1/2

[Event "Asia Cities-ch 14th"]
[Site "Tagaytay City"]
[Date "2004.03.21"]
[Round "1.3"]
[White "Natarajan, C."]
[Black "Sitanggang, Salor"]
[Result "0-1"]
[WhiteElo "2261"]
[BlackElo "2407"]
[PlyCount "100"]
[EventDate "2004.03.21"]
[EventType "team-tourn"]
[EventRounds "9"]
[EventCountry "PHI"]
[SourceTitle "CBM 099 Extra"]
[Source "ChessBase"]
[SourceDate "2004.05.04"]
[SourceVersion "1"]
[SourceVersionDate "2004.05.04"]
[SourceQuality "1"]
[WhiteTeam "Kanchipuram"]
[BlackTeam "Jakarta"]
[WhiteTeamCountry "IND"]
[BlackTeamCountry "INA"]

1. d4 Nf6 2. Nf3 d6 3. c3 c6 4. Nbd2 d5 5. Qc2 Nbd7 6. e4 dxe4 7. Nxe4 Nxe4 8. Qxe4 Nf6 9. Qc2 g6 10. Bc4 Bg7 11. 0-0 0-0 12. Re1 Nd5 13. Qe4 Bf5 14. Qh4 f6 15. Bd2 Qd7 16. h3 a5 17. a3 b5 18. Ba2 a4 19. Be3 g5 20. Qg3 h6 21. Rad1 Kh8 22. Bc1 Rae8 23. h4 g4 24. Nh2 e5 25. Nf1 exd4 26. cxd4 Bc2 27. Rxe8 Rxe8 28. Rd2 Be4 29. Rd1 f5 30. Bxd5 Bxd5 31. Be3 Kh7 32. Nd2 Qf7 33. Nb1 Bc4 34. Nc3 Rd8 35. Rd2 Rd7 36. Qf4 Qe6 37. g3 Qd6 38. Qxd6 Rxd6 39. Kg2 Kg6 40. f3 h5 41. f4 Kf7 42. Kf2 Ke6 43. Ke1 Kd7 44. Kf2 Kc7 45. Rd1 Kb7 46. Rd2 Bf6 47. Rd1 Ka6 48. Rd2 Ka5 49. Nd1 Bb3 50. Ke2 b4 0-1

[Event "Commonwealth-ch"]
[Site "Mumbai"]
[Date "2003.04.23"]
[Round "5"]
[White "Wang, Yu A"]
[Black "Natarajan, C."]
[Result "1-0"]
[WhiteElo "2359"]
[BlackElo "2244"]
[PlyCount "107"]
[EventDate "2003.04.20"]
[EventType "swiss"]
[EventRounds "10"]
[EventCountry "IND"]
[SourceTitle "CBM 093 Extra"]
[Source "ChessBase"]
[SourceDate "2003.05.09"]
[SourceVersion "1"]
[SourceVersionDate "2003.05.09"]
[SourceQuality "1"]

1. e4 e6 2. d4 d5 3. Nd2 Nf6 4. e5 Nfd7 5. f4 c5 6. c3 Nc6 7. Ndf3 Qb6 8. Ne2 f6 9. Qb3 Be7 10. Be3 Na5 11. Qxb6 axb6 12. Nd2 0-0 13. g3 b5 14. exf6 Rxf6 15. dxc5 Nxc5 16. Bxc5 Bxc5 17. b4 Bd6 18. bxa5 Rxa5 19. Nb3 Ra8 20. Ned4 b4 21. c4 Bd7 22. cxd5 e5 23. fxe5 Bxe5 24. Bc4 b5 25. Be2 Bh3 26. Bxb5 Bg2 27. Rg1 Bxd5 28. Rc1 Bxb3 29. Nxb3 Bc3+ 30. Rxc3 bxc3 31. a4 c2 32. Rg2 Rc8 33. Nc1 Re6+ 34. Re2 Rd6 35. Rd2 Re6+ 36. Be2 Rc4 37. Kf2 Rxa4 38. Rxc2 Rf6+ 39. Kg2 Ra8 40. Nd3 Rff8 41. Ne5 Rac8 42. Rd2 Rc7 43. Bc4+ Kh8 44. Rd4 g6 45. Nf3 Rb8 46. Ng5 h6 47. Ne6 Rc6 48. Nf4 h5 49. h4 Rb4 50. Rd8+ Kg7 51. Rd7+ Kh8 52. Bd3 Rbb6 53. Kf3 Rf6 54. Ke3 1-0

[Event "Salem op"]
[Site "Salem"]
[Date "2000.??.??"]
[Round "10"]
[White "Natarajan, C."]
[Black "Mishra, Neeraj Kumar"]
[Result "0-1"]
[WhiteElo "2180"]
[BlackElo "2316"]
[PlyCount "88"]
[EventDate "2000.05.??"]
[EventType "swiss"]
[EventRounds "11"]
[EventCountry "IND"]
[SourceTitle "EXT 2001"]
[Source "ChessBase"]
[SourceDate "2000.11.22"]
[SourceVersion "1"]
[SourceVersionDate "2000.11.22"]
[SourceQuality "1"]

1. d4 d6 2. Nf3 Bg4 3. Bf4 Nf6 4. e3 Nc6 5. c3 e5 6. Bg5 h6 7. Bxf6 Qxf6 8. Be2 Be7 9. d5 Nd8 10. Nfd2 Bxe2 11. Qxe2 Qg6 12. 0-0 f5 13. e4 f4 14. Qc4 c6 15. dxc6 bxc6 16. b4 Qe6 17. Qxe6 Nxe6 18. Nc4 0-0-0 19. Nba3 Kc7 20. Rab1 a6 21. Nc2 Bf6 22. Nd2 d5 23. a4 Ng5 24. exd5 Rxd5 25. Nb3 Rd3 26. c4 Rc3 27. Na3 Be7 28. c5 Rb8 29. b5 axb5 30. axb5 cxb5 31. Rfc1 Rxc1+ 32. Nxc1 Kc6 33. Nd3 Bxc5 34. Nxe5+ Kd6 35. Nec4+ bxc4 36. Rxb8 Bxa3 37. Kf1 Ne6 38. Ke2 Nd4+ 39. Kd2 Nc6 40. Rb7 Bb4+ 41. Kc2 Nd4+ 42. Kd1 Kc5 43. Rc7+ Kd5 44. Rxg7 c3 0-1

[Event "Salem op"]
[Site "Salem"]
[Date "2000.??.??"]
[Round "6"]
[White "Natarajan, C."]
[Black "Visweswaran, Kameswaran"]
[Result "0-1"]
[WhiteElo "2180"]
[BlackElo "2286"]
[PlyCount "60"]
[EventDate "2000.05.??"]
[EventType "swiss"]
[EventRounds "11"]
[EventCountry "IND"]
[SourceTitle "EXT 2001"]
[Source "ChessBase"]
[SourceDate "2000.11.22"]
[SourceVersion "1"]
[SourceVersionDate "2000.11.22"]
[SourceQuality "1"]

1. d4 Nf6 2. Nf3 g6 3. Bf4 Bg7 4. e3 0-0 5. Nbd2 d6 6. h3 b6 7. c3 Bb7 8. Be2 Nbd7 9. 0-0 a6 10. a4 Nd5 11. Bh2 e5 12. Qb3 a5 13. Bc4 Ne7 14. Ne1 d5 15. Be2 c5 16. Ndf3 e4 17. Nd2 Rc8 18. Qd1 f5 19. Nc2 g5 20. b4 f4 21. Bg4 Kh8 22. bxc5 bxc5 23. Rb1 Ba6 24. Be2 Bd3 25. Bxd3 exd3 26. Na3 Nf5 27. exf4 cxd4 28. cxd4 Nxd4 29. Nb5 Ne2+ 30. Kh1 gxf4 0-1

[Event "IND-ch U25"]
[Site "Vijayawada"]
[Date "2000.??.??"]
[Round "?"]
[White "Sharma, Dinesh Kumar"]
[Black "Natarajan, C."]
[Result "1/2-1/2"]
[WhiteElo "2337"]
[BlackElo "2180"]
[PlyCount "45"]
[EventDate "2000.03.??"]
[EventType "tourn"]
[EventRounds "7"]
[EventCountry "IND"]
[SourceTitle "EXT 2001"]
[Source "ChessBase"]
[SourceDate "2000.11.22"]
[SourceVersion "1"]
[SourceVersionDate "2000.11.22"]
[SourceQuality "1"]

1. d4 e6 2. c4 f5 3. g3 c6 4. Bg2 d5 5. Qc2 Bd6 6. Nh3 Nf6 7. 0-0 0-0 8. Bf4 Be7 9. Nd2 h6 10. Be5 g5 11. f4 Ng4 12. Qd3 Nd7 13. e3 Ndxe5 14. fxe5 Bd7 15. Nf2 h5 16. Nxg4 hxg4 17. h3 gxh3 18. Bxh3 Kg7 19. g4 Qe8 20. Rf3 Qg6 21. cxd5 cxd5 22. Rc1 Bd8 23. Nf1 1/2-1/2